000 00625nam a2200301Ia 4500
005 20260401122425.0
008 008 250103s9999 xx 000 0 eng d
020 _a9780415253888
037 _aTB
040 _aEDL
040 _beng
040 _cEDL
041 _2eng
041 _aeng
084 _a323.44 FRO
084 _qEDL
100 _aFromm, Erich
245 0 _aFear of freedom
245 0 _cFromm, Erich
260 _aLondon
260 _bRoutledge
260 _c2012
300 _a260p
942 _cTB
942 _h323.44 FRO
999 _c1847188
_d1847188